[Event "POL-ch U14"]
[Site "Suwalki"]
[Date "2015.04.11"]
[Round "6"]
[White "Mietkiewicz, Jacek"]
[Black "Marciniak, Piotr"]
[Result "0-1"]
[WhiteElo "1505"]
[BlackElo "1297"]
[PlyCount "64"]
[EventDate "2015.04.08"]
[EventType "swiss"]
[EventRounds "9"]
[EventCountry "POL"]
[SourceTitle "EXT 2017"]
[Source "ChessBase"]
[SourceDate "2016.10.25"]
[SourceVersion "1"]
[SourceVersionDate "2016.10.25"]
[SourceQuality "1"]

1. d4 d5 2. c4 dxc4 3. Nc3 Nf6 4. e4 e6 5. Bxc4 c5 6. d5 exd5 7. Nxd5 Nc6 8. Nf3 Be7 9. 0-0 0-0 10. Re1 Bg4 11. Qd3 Nxd5 12. exd5 Bxf3 13. Qxf3 Nd4 14. Qd3 Bf6 15. Bf4 a6 16. a4 Qa5 17. Bd2 Qc7 18. Re3 Rab8 19. a5 g6 20. g4 Bg5 21. Rh3 Bxd2 22. Qxd2 Kh8 23. Qh6 f5 24. Qxg6 fxg4 25. d6 Qd7 26. Rh5 Rbe8 27. Bd3 Rf7 28. Qh6 Ref8 29. Qe3 Qxd6 30. Re1 Nf3+ 31. Kh1 Nxe1 32. Qxe1 Qxd3 0-1

[Event "POL-ch U14"]
[Site "Suwalki"]
[Date "2015.04.09"]
[Round "2"]
[White "Jobda, Rafal"]
[Black "Marciniak, Piotr"]
[Result "1-0"]
[WhiteElo "1640"]
[BlackElo "1297"]
[PlyCount "93"]
[EventDate "2015.04.08"]
[EventType "swiss"]
[EventRounds "9"]
[EventCountry "POL"]
[SourceTitle "EXT 2017"]
[Source "ChessBase"]
[SourceDate "2016.10.25"]
[SourceVersion "1"]
[SourceVersionDate "2016.10.25"]
[SourceQuality "1"]

1. e4 c5 2. Nf3 e6 3. d4 cxd4 4. Nxd4 a6 5. Nc3 Qc7 6. Bd3 b5 7. Nb3 Bb7 8. a3 Nf6 9. f3 d5 10. Qe2 Bd6 11. Bxb5+ axb5 12. Nxb5 Qd7 13. Nxd6+ Qxd6 14. e5 Qc7 15. exf6 gxf6 16. Be3 Nd7 17. Qd2 e5 18. 0-0 Nb6 19. Bxb6 Qxb6+ 20. Kh1 Rc8 21. Rfe1 Rc4 22. Na5 Rh4 23. Nxb7 Qxb7 24. b4 Ke7 25. c3 Rc4 26. Rad1 Ke6 27. f4 e4 28. f5+ Kxf5 29. Qxd5+ Qxd5 30. Rxd5+ Kg6 31. Re3 Rhc8 32. Rg3+ Kh6 33. Kg1 Rxc3 34. Rxc3 Rxc3 35. a4 Rc2 36. b5 e3 37. Kf1 Rf2+ 38. Ke1 Rxg2 39. b6 Rb2 40. Rb5 Rxh2 41. b7 Rh1+ 42. Ke2 Ra1 43. b8Q Rxa4 44. Kxe3 Ra3+ 45. Rb3 Rxb3+ 46. Qxb3 Kg6 47. Kf4 1-0